000 01042cad a22002055a 4500
001 E149185
008 100126e20091105xxk 000 0 eng d
035 _a(Sirsi) u149185
041 0 _aeng
110 2 _aRegisters of Scotland
_95601
245 0 0 _aScotland's property prices rose over last quarter
_h[electronic resource]
260 _c2009
490 _aRegisters of Scotland News Release
_v5 November 2009
520 _aReports that sales transactions in Scotland for Q3 2009 fell by 19.8% when compared to Q3 2008. The average house price in Scotland in Q3 2009 decreased by 3.6% when compared with Q3 2008, with the average price of a residential property in Scotland in Q3 2009 standing at £154 453, however this is an increase of 6.1% when compared with Q2 2009.
590 _aKA
651 4 _aScotland
_y1999-
690 _aPROPERTY-RESIDENTIAL PROPERTY-RESIDENTIAL PROPERTY MARKET
856 4 0 _uhttps://www.ros.gov.uk/public/news/news_releases_09.html
_zView the press release free of charge at www.ros.gov.uk...
942 _n0
999 _c82083
_d82083